Normal view
MARC view
Entry Topical Term
001 - CONTROL NUMBER
- control field: 1826
003 - CONTROL NUMBER IDENTIFIER
- control field: BD-RjUL
005 - DATE AND TIME OF LATEST TRANSACTION
- control field: 20220310162124.0
008 - FIXED-LENGTH DATA ELEMENTS
- fixed length control field: 220310|| aca||aabn | a|a d
040 ## - CATALOGING SOURCE
- Original cataloging agency: BD-RjUL
- Transcribing agency: BD-RjUL
150 ## - HEADING--TOPICAL TERM
- Topical term or geographic name entry element: Industrial policy
- Form subdivision: Production
- Geographic subdivision: Bangladesh
670 ## - SOURCE DATA FOUND
- Source citation: Work cat.: (BD-RjUL)79544: Islam, Md. Shariful 1825, Thr Role of donor agencies in the formulation of industrial policy in Bangladesh /, 1995